|
|
|
|
| LEADER |
00625nam a22001817a 4500 |
| 008 |
140827b xxu||||| |||| 00| 0 hin d |
| 020 |
|
|
|a 9788171785612
|c INR150.00
|
| 100 |
|
|
|a Bhaduri,Amit
|
| 245 |
|
|
|a Udarikaran ka sach /
|c Amit Bhaduri
|
| 260 |
|
|
|a New Delhi:
|b Rajkamal Prakashan,
|c c1996.
|
| 300 |
|
|
|a 148 p.;
|
| 546 |
|
|
|a In Hindi.
|
| 650 |
|
0 |
|a Alochana
|
| 653 |
|
|
|a Criticism
|
| 700 |
|
|
|a Nayyar,Deepak
|
| 942 |
|
|
|c BK
|
| 999 |
|
|
|c 246783
|d 246783
|
| 952 |
|
|
|0 0
|1 0
|4 0
|6 S_51
|7 0
|9 273991
|a HIN
|b HIN
|c S-51
|d 2014-12-17
|e The Bookshop,Publication Division,University of Calicut
|g 150.00
|i 23395
|l 0
|o S-51
|p HIN23395
|r 2014-12-17
|w 2014-12-17
|y BK
|